| 000 | 00931nam a22002057a 4500 | ||
|---|---|---|---|
| 003 | OSt | ||
| 005 | 20251006164928.0 | ||
| 008 | 240405b ||||| |||| 00| 0 eng d | ||
| 040 | _c0 | ||
| 082 | _aDPer 621.381 Ie21 October 2022 v. 37 n. 10 | ||
| 100 |
_aViana, Caniggia Castro Diniz. _eauthor. _956200 |
||
| 245 |
_aAuxiliary power module elimination in EVs using dual inverter drivetrain / _cCaniggia Castro Diniz Viana, Mehanathan Pathmanathan, and Peter W. Lehn. |
||
| 260 |
_aNew York ; _bThe Institute of Electrical and Electronics Engineers, Inc. , _cOctober 2022. |
||
| 300 |
_aVolume 37, pages 12513-12524 : _billustration ; _c28 cm. |
||
| 500 | _aIEEE Transactions on Power Electronics, v. 37, n. 10, pages 12513-12524, October 2022. | ||
| 700 |
_aViana, Caniggia Castro Diniz. _eauthor. _956200 |
||
| 700 |
_aPathmanathan, Mehanathan. _eauthor. _956201 |
||
| 700 |
_aLehn, Peter W. _eauthor. _956202 |
||
| 942 |
_2ddc _cPER |
||
| 999 |
_c20052 _d20052 |
||